| 000 | 00352nam a2200157Ia 4500 | ||
|---|---|---|---|
| 008 | 230711s9999||||xx |||||||||||||| ||und|| | ||
| 041 | _aENG | ||
| 082 |
_a4 _bLI-R |
||
| 100 | _aLiu,Jane WS | ||
| 245 | 0 | _aReal time system | |
| 250 | _a1st Ed. | ||
| 260 |
_c2007 _aNew Delhi _bPearson |
||
| 300 | _a624 | ||
| 650 | _aComputer Engineering | ||
| 942 | _cBK | ||
| 999 |
_c4701 _d4701 |
||